00569nam a22001817a 450000500170000000800410001702000180005804000210007604100080009708200130010510000270011824500670014525000120021226000390022430000150026365000360027865000730031420240430071555.0240430b |||||||| |||| 00| 0 eng d a9789391661090 aIN-DiNCcIN-DiNC dasm a820bBHA aBhatt, Nishanteauthor aBritish literature:bthe early 20th century/cby Nishant Bhatt a1st ed. aMeerut:bBalaji publishers,c2022. avii, 324p. aModernism to British literature aHeart of Darkness, Sons and lovers, Mrs. Dalloway, Leda and the Swan